[Event "Ruhrgebiet Verbandsliga Gruppe 2 1819"]
[Site "Nordrheinwestfalen"]
[Date "2019.03.10"]
[Round "7"]
[White "Mecklenburg, Roland"]
[Black "Claussen, Uwe"]
[Result "1/2-1/2"]
[WhiteElo "1983"]
[BlackElo "2005"]
[PlyCount "141"]
[EventDate "2018.09.23"]
[EventType "team-tourn"]
[EventRounds "9"]
[EventCountry "GER"]
[SourceTitle "EXT 2022"]
[Source "ChessBase"]
[SourceDate "2021.10.06"]
[SourceVersion "1"]
[SourceVersionDate "2021.10.06"]
[SourceQuality "1"]
[WhiteTeam "Recklinghausen Sued"]
[BlackTeam "Essen Werden"]
[WhiteTeamCountry "GER"]
[BlackTeamCountry "GER"]

1. b3 b6 2. Bb2 Bb7 3. c4 e6 4. e3 Nf6 5. Nf3 d5 6. Be2 dxc4 7. bxc4 c5 8. 0-0 Be7 9. Ne5 0-0 10. f4 Nc6 11. d3 Qc7 12. Nxc6 Bxc6 13. e4 a6 14. Nd2 b5 15. Qe1 bxc4 16. Nxc4 Bb5 17. Rc1 Bxc4 18. Rxc4 Qb6 19. Ba1 Nd7 20. Qg3 f6 21. Qh3 Rf7 22. Bg4 Nf8 23. Bh5 g6 24. Bf3 Rd8 25. Be2 Rb8 26. Qe3 Qa5 27. Rc2 Nd7 28. Rfc1 Bf8 29. Bg4 Re7 30. d4 cxd4 31. Bxd4 f5 32. Be2 Bg7 33. Bc4 Bxd4 34. Qxd4 Qb6 35. Qxb6 Rxb6 36. exf5 gxf5 37. Bb3 Nf8 38. Rc5 Kg7 39. Rd1 Kf6 40. Rc8 Ng6 41. g3 e5 42. fxe5+ Rxe5 43. Rcd8 Kg5 44. Kf2 a5 45. R1d4 Rb7 46. R8d6 Kh6 47. Rd7 Rxd7 48. Rxd7 Ne7 49. Kf3 Kg5 50. Rd6 Ng6 51. Bg8 Kh6 52. h4 Kg7 53. h5 Nh4+ 54. gxh4 Kxg8 55. Ra6 Kg7 56. h6+ Kf7 57. Kf4 Re6 58. Ra7+ Kg6 59. Rxa5 Re4+ 60. Kf3 Rxh4 61. Ra6+ Kg5 62. a4 Rh3+ 63. Kg2 Ra3 64. Kf2 f4 65. Ra7 Kxh6 66. Rf7 Rxa4 67. Kf3 Kg5 68. Rxh7 Ra3+ 69. Kf2 Ra2+ 70. Kf3 Ra3+ 71. Kf2 1/2-1/2

[Event "Ruhrgebiet Verbandsliga Gruppe 2 1819"]
[Site "Nordrheinwestfalen"]
[Date "2019.02.03"]
[Round "6.5"]
[White "Riesenbeck, Juergen"]
[Black "Mecklenburg, Roland"]
[Result "0-1"]
[WhiteElo "2008"]
[BlackElo "1983"]
[PlyCount "122"]
[EventDate "2018.09.23"]
[EventType "team-tourn"]
[EventRounds "9"]
[EventCountry "GER"]
[SourceTitle "EXT 2022"]
[Source "ChessBase"]
[SourceDate "2021.10.06"]
[SourceVersion "1"]
[SourceVersionDate "2021.10.06"]
[SourceQuality "1"]
[WhiteTeam "Essen Katernberg III"]
[BlackTeam "Recklinghausen Sued"]
[WhiteTeamCountry "GER"]
[BlackTeamCountry "GER"]

1. d4 d5 2. Bf4 c5 3. e3 Nc6 4. Bb5 Qb6 5. Nc3 e6 6. Nf3 Bd7 7. 0-0 Nf6 8. a3 a6 9. Bxc6 Bxc6 10. dxc5 Bxc5 11. b4 Be7 12. Nd4 Rc8 13. Qd3 Ne4 14. b5 axb5 15. Ncxb5 0-0 16. Rfb1 Qa5 17. a4 Bf6 18. Nd6 Nxd6 19. Bxd6 Rfd8 20. Bb4 Qa8 21. Ra2 Qb8 22. Qa3 Qe5 23. Be7 Rd7 24. Bxf6 Qxf6 25. Rab2 Rdc7 26. h3 e5 27. Nxc6 Rxc6 28. Rxb7 Rxc2 29. Rf1 g6 30. Qb3 d4 31. Rb8 Rxb8 32. Qxb8+ Kg7 33. exd4 exd4 34. Qg3 h5 35. a5 Ra2 36. Qc7 d3 37. a6 Rxa6 38. Qc4 Rd6 39. Rd1 Qd4 40. Qxd4+ Rxd4 41. g3 g5 42. Kg2 g4 43. hxg4 hxg4 44. f3 d2 45. fxg4 Kg6 46. Kf3 Kg5 47. Ke3 Rd7 48. Kf3 Rd6 49. Ke2 Kxg4 50. Kf2 f5 51. Kg2 Rd7 52. Kf2 Rd8 53. Kg2 Rd3 54. Kf2 Rf3+ 55. Ke2 Kxg3 56. Kxd2 Kf2 57. Rh1 Rg3 58. Rh2+ Rg2 59. Rh5 f4 60. Rf5 f3 61. Ra5 Kg1+ 0-1

[Event "Ruhrgebiet Verbandsliga Gruppe 2 1819"]
[Site "Nordrheinwestfalen"]
[Date "2018.10.07"]
[Round "2.5"]
[White "Mecklenburg, Roland"]
[Black "Hinkmann, Jens"]
[Result "1/2-1/2"]
[WhiteElo "1983"]
[BlackElo "2009"]
[PlyCount "58"]
[EventDate "2018.09.23"]
[EventType "team-tourn"]
[EventRounds "9"]
[EventCountry "GER"]
[SourceTitle "EXT 2022"]
[Source "ChessBase"]
[SourceDate "2021.10.06"]
[SourceVersion "1"]
[SourceVersionDate "2021.10.06"]
[SourceQuality "1"]
[WhiteTeam "Recklinghausen Sued"]
[BlackTeam "Bochum SV II"]
[WhiteTeamCountry "GER"]
[BlackTeamCountry "GER"]

1. d4 d5 2. Nf3 Nc6 3. Bf4 Bg4 4. e3 e6 5. Nbd2 Bd6 6. Bxd6 cxd6 7. c4 dxc4 8. Bxc4 Nge7 9. 0-0 0-0 10. Bd3 Nd5 11. Be4 Nf6 12. Bxc6 bxc6 13. Qa4 Bxf3 14. Nxf3 Qd7 15. Rac1 c5 16. Qa5 cxd4 17. Nxd4 Rfc8 18. Qa6 Nd5 19. Nc6 Rc7 20. b4 Rac8 21. b5 Kf8 22. Qa3 Ne7 23. Nxe7 Kxe7 24. Rxc7 Rxc7 25. Qb2 e5 26. a4 Qf5 27. a5 Qc2 28. Qa1 Qc3 29. Qa2 Qc2 1/2-1/2

[Event "Ruhrgebiet Verbandsklasse Gruppe 2 1617"]
[Site "Germany"]
[Date "2017.04.30"]
[Round "9.4"]
[White "Morgenroth, Hubertus"]
[Black "Mecklenburg, Roland"]
[Result "0-1"]
[WhiteElo "1693"]
[BlackElo "2010"]
[PlyCount "72"]
[EventDate "2016.09.04"]
[EventType "team-tourn"]
[EventRounds "9"]
[EventCountry "GER"]
[SourceTitle "EXT 2022"]
[Source "ChessBase"]
[SourceDate "2021.10.06"]
[SourceVersion "1"]
[SourceVersionDate "2021.10.06"]
[SourceQuality "1"]
[WhiteTeam "Schueren"]
[BlackTeam "Recklinghausen Sued"]
[WhiteTeamCountry "GER"]
[BlackTeamCountry "GER"]

1. e4 c6 2. d4 d5 3. e5 c5 4. c3 Nc6 5. h3 Bf5 6. Bd3 Bxd3 7. Qxd3 e6 8. Ne2 Rc8 9. Bf4 Qb6 10. Qd2 Nge7 11. 0-0 Ng6 12. Bg3 Nge7 13. f4 cxd4 14. cxd4 Nf5 15. Bf2 h5 16. Nbc3 Na5 17. Qd3 Be7 18. Nxd5 exd5 19. Qxf5 Qe6 20. Qd3 g6 21. Qb5+ Nc6 22. Nc3 0-0 23. Nxd5 Rfd8 24. Nxe7+ Nxe7 25. Qxb7 Nd5 26. Bh4 Rc7 27. Qb3 Rdc8 28. f5 gxf5 29. Qf3 Rc2 30. Qxh5 Rxb2 31. Rf3 f4 32. Bf6 Nxf6 33. Qg5+ Kf8 34. exf6 Rcc2 35. Qxf4 Rxg2+ 36. Kf1 Qe2# 0-1

[Event "Ruhrgebiet Verbandsklasse Gruppe 2 1617"]
[Site "Germany"]
[Date "2016.09.25"]
[Round "2.3"]
[White "Siebert, Martin"]
[Black "Mecklenburg, Roland"]
[Result "0-1"]
[WhiteElo "2031"]
[BlackElo "1997"]
[PlyCount "76"]
[EventDate "2016.09.04"]
[EventType "team-tourn"]
[EventRounds "9"]
[EventCountry "GER"]
[SourceTitle "EXT 2022"]
[Source "ChessBase"]
[SourceDate "2021.10.06"]
[SourceVersion "1"]
[SourceVersionDate "2021.10.06"]
[SourceQuality "1"]
[WhiteTeam "Brackel SF II"]
[BlackTeam "Recklinghausen Sued"]
[WhiteTeamCountry "GER"]
[BlackTeamCountry "GER"]

1. f4 c5 2. Nf3 d5 3. g3 Nf6 4. Bg2 Nc6 5. 0-0 g6 6. d3 Bg7 7. Qe1 0-0 8. e4 Re8 9. Nc3 d4 10. Nd1 e5 11. fxe5 Ng4 12. Bg5 Qc7 13. Qd2 Ncxe5 14. Nxe5 Nxe5 15. Bf6 Qd6 16. Qf4 Bxf6 17. Qxf6 Qxf6 18. Rxf6 Kg7 19. Rf1 Be6 20. Nf2 b5 21. Bh3 g5 22. Bf5 g4 23. Kg2 h5 24. h3 c4 25. hxg4 hxg4 26. Rh1 Rh8 27. Rxh8 Rxh8 28. Bxe6 fxe6 29. dxc4 bxc4 30. Rd1 Rd8 31. c3 dxc3 32. bxc3 Rb8 33. Rd2 Rb1 34. Nd1 Rc1 35. Kf2 Kf6 36. Ke3 a5 37. Kf4 Nd3+ 38. Kxg4 Rxd1 0-1

[Event "Ruhrgebiet Verbandsklasse Gruppe 2 1617"]
[Site "Germany"]
[Date "2016.09.04"]
[Round "1.4"]
[White "Mecklenburg, Roland"]
[Black "Gasper, Joern"]
[Result "1/2-1/2"]
[WhiteElo "1997"]
[BlackElo "1919"]
[PlyCount "59"]
[EventDate "2016.09.04"]
[EventType "team-tourn"]
[EventRounds "9"]
[EventCountry "GER"]
[SourceTitle "EXT 2022"]
[Source "ChessBase"]
[SourceDate "2021.10.06"]
[SourceVersion "1"]
[SourceVersionDate "2021.10.06"]
[SourceQuality "1"]
[WhiteTeam "Recklinghausen Sued"]
[BlackTeam "Waltrop SV"]
[WhiteTeamCountry "GER"]
[BlackTeamCountry "GER"]

1. d4 d5 2. Nf3 e6 3. e3 Nf6 4. Bd3 c5 5. c3 Nc6 6. Nbd2 Bd6 7. Qe2 0-0 8. dxc5 Bxc5 9. e4 Bb6 10. h3 Re8 11. e5 Nd7 12. Nf1 f6 13. exf6 Nxf6 14. Bg5 a6 15. Ng3 Qc7 16. Bxf6 gxf6 17. Nh5 Qf7 18. g4 e5 19. Bc2 e4 20. 0-0-0 Be6 21. Nd4 Bxd4 22. cxd4 Rac8 23. Qd2 Kh8 24. Kb1 Rf8 25. Nf4 Qe7 26. Bb3 Qd6 27. Qe3 Na5 28. Ng6+ hxg6 29. Qh6+ Kg8 30. Qxg6+ 1/2-1/2

[Event "Ruhrgebiet Regionalliga 1213"]
[Site "Nordrheinwestfalen"]
[Date "2013.02.10"]
[Round "6.3"]
[White "Pruess, Wilfried"]
[Black "Mecklenburg, Roland"]
[Result "1-0"]
[WhiteElo "2102"]
[BlackElo "2010"]
[PlyCount "91"]
[EventDate "2012.09.09"]
[EventType "team-tourn"]
[EventRounds "9"]
[EventCountry "GER"]
[SourceTitle "EXT 2020"]
[Source "ChessBase"]
[SourceDate "2019.10.17"]
[SourceVersion "1"]
[SourceVersionDate "2019.10.17"]
[SourceQuality "1"]
[WhiteTeam "Koenigsspringer Hamm"]
[BlackTeam "Recklinghausen Laeufer Ost"]
[WhiteTeamCountry "GER"]
[BlackTeamCountry "GER"]

1. d4 d5 2. Nf3 c5 3. e3 Nc6 4. c3 e6 5. Bd3 Nf6 6. Nbd2 cxd4 7. exd4 Bd6 8. 0-0 0-0 9. Re1 Qc7 10. Qe2 Nd7 11. Nf1 e5 12. dxe5 Ncxe5 13. Bc2 Nxf3+ 14. Qxf3 Nf6 15. Bg5 Ne4 16. Bxe4 dxe4 17. Qxe4 Be6 18. Be3 Rfe8 19. Bd4 Qd7 20. Qh4 Qb5 21. b3 a5 22. c4 Qc6 23. Ng3 Be7 24. Qf4 a4 25. Nh5 Ra5 26. Re5 Rxe5 27. Qxe5 f6 28. Qg3 g5 29. Nxf6+ Bxf6 30. Bxf6 Kf7 31. Bxg5 Qe4 32. Qf4+ Qxf4 33. Bxf4 Ra8 34. Rc1 axb3 35. axb3 Ra3 36. b4 Rb3 37. Bd2 Rd3 38. Be1 Rd4 39. c5 Bd7 40. f3 Ke6 41. Rc3 Rd1 42. Kf2 Rb1 43. Rd3 Bc6 44. Rd6+ Kf7 45. h4 Rb3 46. Bd2 1-0

[Event "Ruhrgebiet Regionalliga 1213"]
[Site "Nordrheinwestfalen"]
[Date "2012.10.14"]
[Round "2.3"]
[White "Luft, Dennis"]
[Black "Mecklenburg, Roland"]
[Result "1-0"]
[WhiteElo "2095"]
[BlackElo "2010"]
[PlyCount "85"]
[EventDate "2012.09.09"]
[EventType "team-tourn"]
[EventRounds "9"]
[EventCountry "GER"]
[SourceTitle "EXT 2020"]
[Source "ChessBase"]
[SourceDate "2019.10.17"]
[SourceVersion "1"]
[SourceVersionDate "2019.10.17"]
[SourceQuality "1"]
[WhiteTeam "Brackel SF"]
[BlackTeam "Recklinghausen Laeufer Ost"]
[WhiteTeamCountry "GER"]
[BlackTeamCountry "GER"]

1. e4 g6 2. d4 Bg7 3. Nc3 d6 4. Be3 c6 5. Qd2 Nd7 6. f4 Ngf6 7. Nf3 b5 8. Bd3 Nb6 9. h3 a5 10. 0-0 Qc7 11. Qe2 b4 12. Nb1 d5 13. e5 Ne4 14. Re1 f5 15. Nbd2 e6 16. Nb3 0-0 17. a3 Re8 18. Nc5 Bf8 19. axb4 axb4 20. Rxa8 Nxa8 21. Ra1 Nb6 22. Qe1 Nd7 23. Qxb4 Ndxc5 24. dxc5 Qe7 25. Ra5 Rd8 26. Bxe4 fxe4 27. Nd4 Bd7 28. Qb6 Rc8 29. Qb7 Rd8 30. Nxc6 Bxc6 31. Qxc6 d4 32. Bd2 e3 33. Be1 Rd5 34. b4 g5 35. Rb5 Qf7 36. Rb7 Qg6 37. Rb6 gxf4 38. Qxe6+ Qxe6 39. Rxe6 d3 40. cxd3 Rxd3 41. Rf6 Bg7 42. Rxf4 Bxe5 43. Re4 1-0

[Event "Ruhrgebiet Verbandsliga2 1112"]
[Site "Nordrheinwestfalen"]
[Date "2012.03.25"]
[Round "8.3"]
[White "Wolf, Ulrich"]
[Black "Mecklenburg, Roland"]
[Result "1/2-1/2"]
[WhiteElo "2035"]
[BlackElo "1971"]
[PlyCount "86"]
[EventDate "2011.09.18"]
[EventType "team-tourn"]
[EventRounds "9"]
[EventCountry "GER"]
[SourceTitle "EXT 2020"]
[Source "ChessBase"]
[SourceDate "2019.10.17"]
[SourceVersion "1"]
[SourceVersionDate "2019.10.17"]
[SourceQuality "1"]
[WhiteTeam "Wattenscheid SV IV"]
[BlackTeam "Recklinghausen Laeufer Ost"]
[WhiteTeamCountry "GER"]
[BlackTeamCountry "GER"]

1. e4 c6 2. d4 d5 3. Nc3 dxe4 4. Nxe4 Nf6 5. Nxf6+ gxf6 6. Nf3 Bf5 7. Bd3 e6 8. c3 Bg6 9. h4 Bxd3 10. Qxd3 Bd6 11. Bd2 Nd7 12. 0-0-0 Qc7 13. Qe2 0-0-0 14. c4 Bf4 15. g3 Bxd2+ 16. Rxd2 Kb8 17. Rhd1 Qa5 18. b3 Nb6 19. Qe3 Qf5 20. Re1 Nc8 21. Kb2 Rhg8 22. Qe4 Qxe4 23. Rxe4 Nd6 24. Re1 Nf5 25. Red1 Ne7 26. Kc3 Rd7 27. a4 Kc7 28. a5 Rgd8 29. Re1 Nf5 30. g4 Nd6 31. Rde2 Rg8 32. Rg1 h6 33. Nd2 f5 34. f3 fxg4 35. fxg4 Nf5 36. Nf3 Nd6 37. Re5 f5 38. g5 Ne4+ 39. Kd3 hxg5 40. Nxg5 Nxg5 41. hxg5 Rg6 42. Rge1 Rxg5 43. Rxe6 Rg4 1/2-1/2

[Event "Ruhrgebiet Verbandsliga2 1112"]
[Site "Nordrheinwestfalen"]
[Date "2012.02.12"]
[Round "6.3"]
[White "Achenbach, Manfred"]
[Black "Mecklenburg, Roland"]
[Result "0-1"]
[WhiteElo "1999"]
[BlackElo "1971"]
[PlyCount "74"]
[EventDate "2011.09.18"]
[EventType "team-tourn"]
[EventRounds "9"]
[EventCountry "GER"]
[SourceTitle "EXT 2020"]
[Source "ChessBase"]
[SourceDate "2019.10.17"]
[SourceVersion "1"]
[SourceVersionDate "2019.10.17"]
[SourceQuality "1"]
[WhiteTeam "Muelheim SC"]
[BlackTeam "Recklinghausen Laeufer Ost"]
[WhiteTeamCountry "GER"]
[BlackTeamCountry "GER"]

1. Nf3 c5 2. c4 Nc6 3. g3 b6 4. Bg2 Bb7 5. d3 g6 6. e4 Bg7 7. Nc3 e6 8. Bg5 Nge7 9. Qd2 0-0 10. Bh6 d5 11. Bxg7 Kxg7 12. cxd5 exd5 13. exd5 Nxd5 14. 0-0 Nxc3 15. bxc3 Qf6 16. Ng5 Rad8 17. Rfe1 h6 18. Ne4 Qf5 19. f4 Qd7 20. Re3 Ne7 21. Rd1 Bc6 22. Qe1 Rfe8 23. Re2 Qb7 24. Bh3 f5 25. Nf2 Bf3 26. Re6 Kf7 27. Qe5 Bd5 28. Rf6+ Kg8 29. Re1 Bf7 30. Rxf7 Kxf7 31. Qe6+ Kg7 32. Qe5+ Kh7 33. Qf6 Nd5 34. Rxe8 Rxe8 35. Qd6 Re1+ 36. Bf1 Ne3 37. h4 Qg2# 0-1

[Event "Ruhrgebiet Verbandsliga2 1112"]
[Site "Nordrheinwestfalen"]
[Date "2011.11.13"]
[Round "3.3"]
[White "Schulz, Hartmut"]
[Black "Mecklenburg, Roland"]
[Result "1/2-1/2"]
[WhiteElo "2046"]
[BlackElo "1971"]
[PlyCount "130"]
[EventDate "2011.09.18"]
[EventType "team-tourn"]
[EventRounds "9"]
[EventCountry "GER"]
[SourceTitle "EXT 2020"]
[Source "ChessBase"]
[SourceDate "2019.10.17"]
[SourceVersion "1"]
[SourceVersionDate "2019.10.17"]
[SourceQuality "1"]
[WhiteTeam "Doppelbauer Brambauer"]
[BlackTeam "Recklinghausen Laeufer Ost"]
[WhiteTeamCountry "GER"]
[BlackTeamCountry "GER"]

1. d4 d5 2. Nf3 Nf6 3. Bg5 e6 4. e3 Nbd7 5. Bd3 Be7 6. Nbd2 c5 7. c3 cxd4 8. exd4 h6 9. Bh4 0-0 10. 0-0 Ne8 11. Bxe7 Qxe7 12. Qe2 a6 13. Rae1 Nef6 14. Ne5 Nxe5 15. Qxe5 Rd8 16. f4 Qd6 17. Qe2 Bd7 18. g4 g6 19. g5 Nh7 20. gxh6 Qf8 21. Nf3 Qxh6 22. Ne5 Nf6 23. Rf2 Qh5 24. Qf1 Bb5 25. Bxb5 axb5 26. Qxb5 Rxa2 27. Qxb7 Rf8 28. Rg2 Ne4 29. Qe7 Qf5 30. Qh4 Rb8 31. Nc6 Rb7 32. Ne7+ Rxe7 33. Qxe7 Qh3 34. Qb4 Kg7 35. Qb3 Ra7 36. Qb8 Ra2 37. Qb3 Ra8 38. Qc2 Rh8 39. c4 Nf6 40. c5 Qf3 41. Qf2 Qb3 42. Qe3 Qb4 43. c6 Ne4 44. Rc1 Rc8 45. c7 Qb6 46. Rgc2 Kg8 47. b3 Kf8 48. Qd3 Kg7 49. Rb1 Rxc7 50. Rxc7 Qxc7 51. Qe3 Qc2 52. Re1 Qb2 53. Re2 Qb1+ 54. Kg2 Kg8 55. h3 Kg7 56. Kh2 Kg8 57. Rg2 Kg7 58. h4 Kf8 59. h5 gxh5 60. f5 exf5 61. Qh6+ Ke7 62. Qxh5 Qxb3 63. Qxf5 Qb8+ 64. Kg1 Qb1+ 65. Kh2 Qb8+ 1/2-1/2

[Event "Ruhrgebiet Verbandsliga2 1112"]
[Site "Nordrheinwestfalen"]
[Date "2011.10.09"]
[Round "2.3"]
[White "Mecklenburg, Roland"]
[Black "Kiese, Matthias"]
[Result "1-0"]
[WhiteElo "1971"]
[BlackElo "2128"]
[PlyCount "83"]
[EventDate "2011.09.18"]
[EventType "team-tourn"]
[EventRounds "9"]
[EventCountry "GER"]
[SourceTitle "EXT 2020"]
[Source "ChessBase"]
[SourceDate "2019.10.17"]
[SourceVersion "1"]
[SourceVersionDate "2019.10.17"]
[SourceQuality "1"]
[WhiteTeam "Recklinghausen Laeufer Ost"]
[BlackTeam "Bochum SV II"]
[WhiteTeamCountry "GER"]
[BlackTeamCountry "GER"]

1. d4 d5 2. Nf3 Nf6 3. c4 e6 4. Nc3 Be7 5. Bg5 0-0 6. e3 Nbd7 7. Bd3 dxc4 8. Bxc4 c5 9. 0-0 a6 10. a4 cxd4 11. exd4 Nb6 12. Bd3 Bd7 13. Ne5 Bc6 14. Nxc6 bxc6 15. a5 Nbd5 16. Qa4 Qb8 17. Nxd5 cxd5 18. g3 Rc8 19. Rfb1 Qa7 20. Rc1 h6 21. Bd2 Ne4 22. Rxc8+ Rxc8 23. Rc1 Rxc1+ 24. Bxc1 g5 25. Be3 Qb7 26. Kg2 Kg7 27. Qc2 Nd6 28. Qe2 Nc4 29. Bc1 Bf6 30. h4 Qb3 31. Bc2 Qb4 32. Qd3 Qe1 33. Qh7+ Kf8 34. Qxh6+ Ke7 35. Bxg5 Bxg5 36. Qxg5+ Kf8 37. h5 Nd2 38. Qd8+ Kg7 39. Qg5+ Kf8 40. Qd8+ Kg7 41. h6+ Kxh6 42. Qh8+ 1-0

[Event "Ruhrgebiet VL1 0910"]
[Site "Germany"]
[Date "2010.02.07"]
[Round "6.2"]
[White "Mecklenburg, Roland"]
[Black "Dergatschova, Anna"]
[Result "0-1"]
[WhiteElo "2031"]
[BlackElo "2221"]
[PlyCount "26"]
[EventDate "2009.09.06"]
[EventType "team-tourn"]
[EventRounds "9"]
[EventCountry "GER"]
[SourceTitle "EXT 2011"]
[Source "ChessBase"]
[SourceDate "2010.11.26"]
[SourceVersion "1"]
[SourceVersionDate "2010.11.26"]
[SourceQuality "1"]
[WhiteTeam "Laeufer Ost"]
[BlackTeam "Holsterhausen"]
[WhiteTeamCountry "GER"]
[BlackTeamCountry "GER"]

1. e4 c5 2. Nc3 e6 3. Nf3 Nc6 4. g3 Nf6 5. d3 d5 6. Qe2 Nd4 7. Nxd4 cxd4 8. Nb1 Bb4+ 9. Nd2 Qc7 10. a3 Ba5 11. b4 Bb6 12. e5 Nd7 13. Nf3 Qc3+ 0-1

[Event "Ruhrgebiet VL1 0910"]
[Site "Germany"]
[Date "2009.12.06"]
[Round "4.2"]
[White "Ahling, Michael"]
[Black "Mecklenburg, Roland"]
[Result "1-0"]
[WhiteElo "2178"]
[BlackElo "2031"]
[PlyCount "145"]
[EventDate "2009.09.06"]
[EventType "team-tourn"]
[EventRounds "9"]
[EventCountry "GER"]
[SourceTitle "EXT 2011"]
[Source "ChessBase"]
[SourceDate "2010.11.26"]
[SourceVersion "1"]
[SourceVersionDate "2010.11.26"]
[SourceQuality "1"]
[WhiteTeam "Horst Emscher"]
[BlackTeam "Laeufer Ost"]
[WhiteTeamCountry "GER"]
[BlackTeamCountry "GER"]

1. Nf3 Nf6 2. d4 g6 3. Bf4 d6 4. e3 Bg7 5. h3 0-0 6. Be2 Nbd7 7. 0-0 Qe8 8. Bh2 e5 9. c4 Ne4 10. Nbd2 Nxd2 11. Qxd2 e4 12. Ne1 f5 13. Qa5 Qd8 14. Nc2 Nf6 15. c5 Qe7 16. cxd6 cxd6 17. Na3 Ne8 18. Rfc1 g5 19. Nc4 Be6 20. Nb6 Qd8 21. Bc4 Bxc4 22. Nxc4 Qxa5 23. Nxa5 Rf7 24. Rc3 b6 25. Nc6 Rd7 26. Rac1 Nf6 27. Nb4 a5 28. Nc2 b5 29. Rc6 Bf8 30. Na3 Rb8 31. Ra6 a4 32. Nb1 Nd5 33. a3 Kf7 34. Kf1 f4 35. Ke2 Ke6 36. Nd2 Kf5 37. g4+ fxg3 38. fxg3 g4 39. Rf1+ Kg6 40. Nxe4 gxh3 41. g4 Be7 42. Rf5 Nc7 43. Rc6 Ne8 44. Kf3 b4 45. Nc5 bxa3 46. bxa3 Ra7 47. Rh5 Rb2 48. Rxh3 Ra2 49. Ne4 Rxa3 50. Nxd6 Nxd6 51. Bxd6 Bxd6 52. Rxd6+ Kg7 53. Rhh6 Rf7+ 54. Ke4 Ra1 55. Rh5 a3 56. Rg5+ Kf8 57. Ra6 Re7+ 58. Re5 Rb7 59. d5 a2 60. Rf5+ Kg8 61. d6 Rd7 62. Rfa5 Rd1 63. Ke5 R7xd6 64. Rxd6 a1Q+ 65. Rxa1 Rxa1 66. e4 Kf7 67. Rd7+ Kg6 68. Ke6 Ra4 69. Ke5 Ra5+ 70. Rd5 Ra6 71. Rd6+ Rxd6 72. Kxd6 Kf7 73. e5 1-0

[Event "Ruhrgebiet Cup tt"]
[Site "Germany"]
[Date "2008.02.23"]
[Round "1.1"]
[White "Koehn, Peter"]
[Black "Mecklenburg, Roland"]
[Result "1-0"]
[WhiteElo "2255"]
[BlackElo "1976"]
[PlyCount "45"]
[EventDate "2008.02.28"]
[EventType "team-tourn"]
[EventRounds "3"]
[EventCountry "GER"]
[SourceTitle "EXT 2009"]
[Source "ChessBase"]
[SourceDate "2008.11.26"]
[SourceVersion "1"]
[SourceVersionDate "2008.11.26"]
[SourceQuality "1"]
[WhiteTeam "Wattenscheid"]
[BlackTeam "Laufer Ost"]
[WhiteTeamCountry "GER"]
[BlackTeamCountry "GER"]

1. d4 Nf6 2. c4 c6 3. Bf4 d5 4. e3 e6 5. Nc3 Bd6 6. Bg5 Nbd7 7. Nf3 0-0 8. Qc2 Qa5 9. cxd5 Nxd5 10. Bc4 b5 11. Be2 Bb7 12. 0-0 Nxc3 13. bxc3 c5 14. Rfd1 Qc7 15. Bxb5 Bxf3 16. gxf3 Bxh2+ 17. Kg2 h6 18. Bh4 g5 19. Rh1 gxh4 20. Rxh2 Kg7 21. Qe4 Rh8 22. Qxh4 Rag8 23. Qe7 1-0

[Event "Ruhrgebiet VL1 0405"]
[Site "Ruhrgebiet"]
[Date "2005.02.20"]
[Round "7.3"]
[White "Mecklenburg, Roland"]
[Black "Witthaus, Joerg"]
[Result "1-0"]
[WhiteElo "1944"]
[BlackElo "1982"]
[PlyCount "93"]
[EventDate "2004.09.12"]
[EventType "team-tourn"]
[EventRounds "9"]
[EventCountry "GER"]
[SourceTitle "EXT 2006"]
[Source "ChessBase"]
[SourceDate "2005.11.24"]
[SourceVersion "1"]
[SourceVersionDate "2005.11.24"]
[SourceQuality "1"]
[WhiteTeam "Laeufer Ost"]
[BlackTeam "Altenessen"]
[WhiteTeamCountry "GER"]
[BlackTeamCountry "GER"]

1. e4 e5 2. Nf3 Nf6 3. d3 Nc6 4. Be2 Be7 5. 0-0 0-0 6. c4 d6 7. h3 a5 8. Nc3 Nb4 9. d4 exd4 10. Nxd4 c6 11. Bf3 Na6 12. Be3 Nc5 13. Qc2 Qc7 14. Rad1 Rd8 15. Rd2 Be6 16. b3 Nfd7 17. Be2 Na6 18. f4 Nf8 19. Bf3 Bf6 20. g4 Nb4 21. Qd1 h6 22. Rg2 g5 23. Qd2 Nh7 24. Nf5 Bxf5 25. gxf5 Kh8 26. Na4 Rg8 27. Bb6 Qe7 28. Rd1 gxf4 29. Qxd6 Nxa2 30. Qxe7 Bxe7 31. Bd4+ f6 32. h4 b5 33. cxb5 cxb5 34. Nb6 Rad8 35. Nd5 Rxg2+ 36. Kxg2 Re8 37. Bh5 Rg8+ 38. Bg6 Bd8 39. Kf3 Nf8 40. Nxf6 Rxg6 41. fxg6 Nxg6 42. h5 Nf8 43. Rg1 Bxf6 44. Bxf6+ Kh7 45. Rg7+ Kh8 46. Rb7+ Kg8 47. Rxb5 1-0

[Event "Ruhrgebiet VK3 0304"]
[Site "Ruhrgebiet"]
[Date "2004.03.28"]
[Round "8.2"]
[White "Rupeter, Joerg"]
[Black "Mecklenburg, Roland"]
[Result "1-0"]
[WhiteElo "2084"]
[BlackElo "1960"]
[PlyCount "153"]
[EventDate "2003.09.28"]
[EventType "team-tourn"]
[EventRounds "9"]
[EventCountry "GER"]
[SourceTitle "EXT 2007"]
[Source "ChessBase"]
[SourceDate "2006.11.23"]
[SourceVersion "1"]
[SourceVersionDate "2006.11.23"]
[SourceQuality "1"]
[WhiteTeam "Hoentrop SG"]
[BlackTeam "Laeufer Ost"]
[WhiteTeamCountry "GER"]
[BlackTeamCountry "GER"]

1. d4 d6 2. c4 Nd7 3. Nc3 e5 4. Nf3 exd4 5. Nxd4 Ngf6 6. g3 Ne5 7. Bg2 c6 8. b3 Qa5 9. Bd2 Qc7 10. h3 Be7 11. 0-0 Bd7 12. e4 Qc8 13. Kh2 h5 14. f4 h4 15. fxe5 Bxh3 16. exf6 hxg3+ 17. Kxg3 Bxf6 18. Nf5 Be5+ 19. Bf4 Bxf5 20. Bxe5 Bh3 21. Qf3 Qe6 22. Qxf7+ Qxf7 23. Rxf7 Kxf7 24. Bxd6 Bxg2 25. Kxg2 Rh6 26. Bg3 Rd8 27. Rd1 Rxd1 28. Nxd1 b5 29. c5 a5 30. Ne3 Rh5 31. Bd6 Rh4 32. Kf3 Rh3+ 33. Ke2 a4 34. bxa4 bxa4 35. Kd2 Rf3 36. Nc2 g5 37. Ke2 Rc3 38. Nb4 Rc4 39. Nxc6 Rxe4+ 40. Kf3 Re1 41. Nd4 g4+ 42. Kf4 g3 43. Kxg3 Re4 44. Nb5 Ke6 45. c6 Rc4 46. c7 Kd7 47. Kf3 a3 48. Ke3 Ra4 49. Kd3 Ra8 50. Kc4 Ra4+ 51. Kc5 Ra6 52. Bf4 Rc6+ 53. Kb4 Rf6 54. Bd6 Rf2 55. Kxa3 Rc2 56. Kb3 Rc1 57. a4 Kc8 58. Kb4 Kb7 59. Bc5 Rc2 60. Bd6 Rb2+ 61. Kc5 Ra2 62. Nc3 Rc2 63. Kb4 Rd2 64. Kc5 Rc2 65. Kc4 Rd2 66. Ne4 Rc2+ 67. Kd5 Ra2 68. Nc5+ Kc8 69. Kc6 Ra1 70. Nd7 Rc1+ 71. Bc5 Rxc5+ 72. Kxc5 Kxc7 73. Nb6 Kb7 74. Kb5 Ka7 75. a5 Kb7 76. a6+ Ka7 77. Nd5 1-0